[Event "CZE-chT 2324"]
[Site "Czech Republic"]
[Date "2023.10.15"]
[Round "2.3"]
[White "Burdalev, Kirill"]
[Black "Hollan, Martin"]
[Result "1/2-1/2"]
[WhiteElo "2344"]
[BlackElo "2344"]
[PlyCount "42"]
[EventDate "2023.10.14"]
[EventType "team-tourn"]
[EventRounds "11"]
[EventCountry "CZE"]
[SourceTitle "Mega2024 Update 01"]
[Source "Chessbase"]
[SourceDate "2023.11.12"]
[SourceVersion "1"]
[SourceVersionDate "2023.11.12"]
[SourceQuality "1"]
[WhiteTeam "Praha Dopravni Podnik"]
[BlackTeam "Kromeriz Slavia"]
[WhiteTeamCountry "CZE"]
[BlackTeamCountry "CZE"]

1. d4 Nf6 2. Nf3 d5 3. c4 e6 4. e3 Be7 5. Nc3 0-0 6. Bd3 c5 7. dxc5 dxc4 8. Bxc4 Qxd1+ 9. Kxd1 Bxc5 10. Ke2 a6 11. Bd3 b5 12. Ne4 Be7 13. a4 bxa4 14. Rxa4 Nxe4 15. Bxe4 Bd7 16. Nd4 Bxa4 17. Bxa8 Bc5 18. b3 Bd7 19. Rd1 Bxd4 20. Rxd4 Bb5+ 21. Kd2 Nc6 1/2-1/2

[Event "Prague Mencik Memorial 6th"]
[Site "Prague"]
[Date "2023.09.24"]
[Round "6"]
[White "Burdalev, Kirill"]
[Black "Konopka, Michal"]
[Result "1/2-1/2"]
[WhiteElo "2309"]
[BlackElo "2381"]
[PlyCount "20"]
[EventDate "2023.09.24"]
[EventType "swiss"]
[EventRounds "9"]
[EventCountry "CZE"]
[SourceTitle "EXT 2024"]
[Source "ChessBase"]
[SourceDate "2023.10.10"]
[SourceVersion "1"]
[SourceVersionDate "2023.10.10"]
[SourceQuality "1"]

1. d4 Nf6 2. Nf3 g6 3. c3 Bg7 4. Bf4 0-0 5. e3 d6 6. h3 Nc6 7. Be2 Nd7 8. Na3 e5 9. dxe5 Ndxe5 10. Nc4 Nb8 1/2-1/2

[Event "Bamberg op-A 5th"]
[Site "Bamberg"]
[Date "2023.07.30"]
[Round "7"]
[White "Burdalev, Kirill"]
[Black "Derichs, Roger"]
[Result "0-1"]
[WhiteElo "2363"]
[BlackElo "2286"]
[PlyCount "54"]
[EventDate "2023.07.26"]
[EventType "swiss"]
[EventRounds "7"]
[EventCountry "GER"]
[SourceTitle "EXT 2024"]
[Source "ChessBase"]
[SourceDate "2023.10.10"]
[SourceVersion "1"]
[SourceVersionDate "2023.10.10"]
[SourceQuality "1"]

1. Nf3 d5 2. d4 e6 3. c4 c6 4. Qc2 dxc4 5. Qxc4 Nf6 6. g3 b5 7. Qc2 Bb7 8. a4 Nbd7 9. Be3 Rc8 10. Nc3 Qa5 11. Bd2 b4 12. Ne4 c5 13. Nxf6+ Nxf6 14. Rc1 c4 15. b3 cxb3 16. Qxb3 Rxc1+ 17. Bxc1 Bd5 18. Qd3 b3+ 19. Bd2 Qxa4 20. Qc3 Bd6 21. Bg2 Ne4 22. Qa5 Qxa5 23. Bxa5 b2 24. 0-0 Ba2 25. Ne5 b1Q 26. Rxb1 Bxb1 27. Nc4 Ke7 0-1

[Event "Bamberg op-A 5th"]
[Site "Bamberg"]
[Date "2023.07.29"]
[Round "6"]
[White "Roehr, Oliver"]
[Black "Burdalev, Kirill"]
[Result "0-1"]
[WhiteElo "2139"]
[BlackElo "2363"]
[PlyCount "48"]
[EventDate "2023.07.26"]
[EventType "swiss"]
[EventRounds "7"]
[EventCountry "GER"]
[SourceTitle "CBM 215 Extra"]
[Source "ChessBase"]
[SourceDate "2023.09.30"]
[SourceVersion "1"]
[SourceVersionDate "2023.09.30"]
[SourceQuality "1"]

1. Nf3 d5 2. e3 Nf6 3. c4 c6 4. Nc3 e6 5. d4 Nbd7 6. Be2 Bd6 7. 0-0 dxc4 8. Bxc4 b5 9. Bd3 0-0 10. b3 a6 11. Bb2 c5 12. a4 b4 13. Ne4 Nxe4 14. Bxe4 Ra7 15. Qc2 f5 16. Bd3 Rc7 17. d5 exd5 18. Rfd1 Nb8 19. Bc4 dxc4 20. Qxc4+ Kh8 21. Rxd6 Qxd6 22. Be5 Qd8 23. Qf4 Rd7 24. Qh6 Rf6 0-1

[Event "Monteolivete op 3rd"]
[Site "Alboraia"]
[Date "2023.07.19"]
[Round "4"]
[White "Burdalev, Kirill"]
[Black "Miranda Herrera, Miguel"]
[Result "1/2-1/2"]
[WhiteElo "2363"]
[BlackElo "2046"]
[PlyCount "49"]
[EventDate "2023.07.17"]
[EventType "swiss"]
[EventRounds "9"]
[EventCountry "ESP"]
[SourceTitle "CBM 215 Extra"]
[Source "ChessBase"]
[SourceDate "2023.09.30"]
[SourceVersion "1"]
[SourceVersionDate "2023.09.30"]
[SourceQuality "1"]

1. Nf3 f5 2. d4 Nf6 3. g3 e6 4. Bg2 d5 5. c4 c6 6. 0-0 Bd6 7. Nc3 0-0 8. Qc2 Ne4 9. Rb1 Nd7 10. b4 Ndf6 11. b5 cxb5 12. Nxb5 Bb8 13. Ba3 Re8 14. cxd5 a6 15. Nc3 Nxc3 16. Qxc3 exd5 17. Ne5 Ne4 18. Qb2 Bxe5 19. dxe5 b5 20. Qd4 Bb7 21. Bb2 Rc8 22. Rbc1 Rc4 23. Qa7 Qa8 24. Qe3 Qc8 25. Bd4 1/2-1/2

[Event "Prague Golden Rapid op"]
[Site "Prague"]
[Date "2023.06.17"]
[Round "1"]
[White "Hecl, Adam"]
[Black "Burdalev, Kirill"]
[Result "0-1"]
[WhiteElo "1493"]
[BlackElo "2324"]
[PlyCount "82"]
[EventDate "2023.06.17"]
[EventType "swiss (rapid)"]
[EventRounds "9"]
[EventCountry "CZE"]
[SourceTitle "CBM 215 Extra"]
[Source "ChessBase"]
[SourceDate "2023.09.30"]
[SourceVersion "1"]
[SourceVersionDate "2023.09.30"]
[SourceQuality "1"]

1. e4 e5 2. Nf3 Nc6 3. Bc4 Bc5 4. c3 Nf6 5. d4 exd4 6. cxd4 Bb4+ 7. Bd2 Bxd2+ 8. Nbxd2 d5 9. exd5 Nxd5 10. 0-0 0-0 11. Qb3 Na5 12. Qb5 c6 13. Qc5 b6 14. Qa3 Bg4 15. Bxd5 Qxd5 16. Qc3 Rad8 17. Ne5 Qxd4 18. Qxd4 Rxd4 19. Nxg4 Rxd2 20. b4 Nc4 21. Rac1 b5 22. a4 Rb2 23. axb5 cxb5 24. Rb1 Rxb1 25. Rxb1 Rd8 26. Ne3 Rd4 27. Nf5 Rd7 28. Ne3 Nb6 29. f4 Kf8 30. Kf2 Rd2+ 31. Kf3 Ke7 32. Nf5+ Kf6 33. Ne3 Ke6 34. f5+ Ke5 35. h3 Kd4 36. Rd1 Rxd1 37. Nxd1 Nd5 38. g4 Nxb4 39. Kf4 f6 40. h4 Nd5+ 41. Kf3 a5 0-1

[Event "Prague Golden Rapid op"]
[Site "Prague"]
[Date "2023.06.17"]
[Round "7"]
[White "Vojta, Jakub"]
[Black "Burdalev, Kirill"]
[Result "1-0"]
[WhiteElo "2201"]
[BlackElo "2324"]
[PlyCount "67"]
[EventDate "2023.06.17"]
[EventType "swiss (rapid)"]
[EventRounds "9"]
[EventCountry "CZE"]
[SourceTitle "CBM 215 Extra"]
[Source "ChessBase"]
[SourceDate "2023.09.30"]
[SourceVersion "1"]
[SourceVersionDate "2023.09.30"]
[SourceQuality "1"]

1. e4 e5 2. Nf3 Nc6 3. Bb5 Nf6 4. 0-0 Nxe4 5. d4 Nd6 6. dxe5 Nxb5 7. a4 d6 8. axb5 Nxe5 9. Re1 Be7 10. Nxe5 dxe5 11. Qxd8+ Bxd8 12. Rxe5+ Be6 13. Nc3 Bf6 14. Re1 Bxc3 15. bxc3 0-0 16. Be3 a6 17. bxa6 Rxa6 18. Rab1 b6 19. Bf4 Rc8 20. Ra1 Rxa1 21. Rxa1 h6 22. Ra7 c6 23. f3 b5 24. Kf2 Bf5 25. Ra2 Kf8 26. g4 Bg6 27. h4 h5 28. g5 Ke7 29. Ke3 Ke6 30. c4 bxc4 31. Kd4 f6 32. Ra7 Bf7 33. Kxc4 Kf5+ 34. Rxf7 1-0

[Event "Titled Tuesday intern op 13th Jun Late"]
[Site "Chess.com INT"]
[Date "2023.06.13"]
[Round "8"]
[White "Novikov, Evgenij"]
[Black "Burdalev, Kirill"]
[Result "1-0"]
[WhiteElo "2276"]
[BlackElo "2363"]
[PlyCount "91"]
[EventDate "2023.06.13"]
[EventType "swiss (blitz)"]
[EventRounds "11"]
[EventCountry "USA"]
[SourceTitle "EXT 2024"]
[Source "ChessBase"]
[SourceDate "2023.10.10"]
[SourceVersion "1"]
[SourceVersionDate "2023.10.10"]
[SourceQuality "1"]

1. d4 Nf6 2. Bf4 d5 3. e3 c5 4. c3 Nc6 5. Nd2 Qb6 6. Qb3 c4 7. Qxb6 axb6 8. a3 b5 9. Rc1 Bf5 10. h3 Nd7 11. g4 Bg6 12. Bg2 e6 13. e4 Nb6 14. exd5 exd5 15. Ne2 Kd7 16. 0-0 Bd6 17. Bxd6 Kxd6 18. Nf4 Na4 19. Nxg6 hxg6 20. Rc2 Rae8 21. Nf3 f6 22. Rb1 Na5 23. Kf1 g5 24. Ng1 Nb3 25. Ne2 Re7 26. Ng3 g6 27. Re1 Rhe8 28. Rxe7 Rxe7 29. Ne2 Nb6 30. f4 Re3 31. fxg5 fxg5 32. Kf2 Rd3 33. Ke1 Na4 34. Ng1 Na5 35. Nf3 Nc6 36. Nxg5 Nd8 37. Re2 b6 38. Bf1 Nxc3 39. Re5 Rd1+ 40. Kf2 Ne4+ 41. Nxe4+ dxe4 42. Rxe4 Ne6 43. h4 Rxd4 44. Bg2 Rxe4 45. Bxe4 g5 46. h5 1-0

[Event "Usti nad Labem blitz op"]
[Site "Usti nad Labem"]
[Date "2023.05.07"]
[Round "8"]
[White "Burdalev, Kirill"]
[Black "Paulus, Vaclav"]
[Result "1-0"]
[WhiteElo "2236"]
[BlackElo "2049"]
[PlyCount "75"]
[EventDate "2023.05.07"]
[EventType "swiss (blitz)"]
[EventRounds "15"]
[EventCountry "CZE"]
[SourceTitle "CBM 214 Extra"]
[Source "ChessBase"]
[SourceDate "2023.07.31"]
[SourceVersion "1"]
[SourceVersionDate "2023.07.31"]
[SourceQuality "1"]

1. d4 Nf6 2. c4 c5 3. d5 b5 4. cxb5 a6 5. bxa6 g6 6. Nc3 Bg7 7. e4 Qa5 8. Bd2 Bxa6 9. e5 Ng8 10. Nf3 Bxf1 11. Kxf1 Qa6+ 12. Qe2 Qxe2+ 13. Kxe2 Na6 14. a3 d6 15. exd6 exd6 16. Kd3 Kd7 17. Ng5 Nh6 18. Rhe1 Rab8 19. Kc2 c4 20. Be3 Nf5 21. Nxf7 Rhf8 22. Ng5 Nxe3+ 23. fxe3 Nc5 24. Nf3 Nd3 25. Reb1 Rb3 26. a4 Rfb8 27. Ra3 Rxb2+ 28. Rxb2 Rxb2+ 29. Kd1 Rxg2 30. a5 Nb2+ 31. Ke1 Nd3+ 32. Kd1 Nb2+ 33. Ke1 Nd3+ 34. Kd1 Bxc3 35. Rxc3 Ra2 36. Nd2 Rxa5 37. Nxc4 Rxd5 38. Nb6+ 1-0

[Event "Usti nad Labem blitz op"]
[Site "Usti nad Labem"]
[Date "2023.05.07"]
[Round "4"]
[White "Burdalev, Kirill"]
[Black "Werner, Hong Quan Dan"]
[Result "1/2-1/2"]
[WhiteElo "2236"]
[BlackElo "1968"]
[PlyCount "105"]
[EventDate "2023.05.07"]
[EventType "swiss (blitz)"]
[EventRounds "15"]
[EventCountry "CZE"]
[SourceTitle "CBM 214 Extra"]
[Source "ChessBase"]
[SourceDate "2023.07.31"]
[SourceVersion "1"]
[SourceVersionDate "2023.07.31"]
[SourceQuality "1"]

1. d4 c5 2. c3 cxd4 3. cxd4 d5 4. Nc3 e6 5. Bf4 a6 6. e3 Nf6 7. Bd3 Be7 8. Nf3 0-0 9. h3 Nbd7 10. 0-0 b6 11. Qe2 Bb7 12. Rfc1 b5 13. a4 b4 14. Nb1 a5 15. Rc7 Ra7 16. Bb5 Nb8 17. Nbd2 Bd6 18. Bxd6 Qxd6 19. Rac1 Na6 20. Rxb7 Rxb7 21. Bxa6 Rc7 22. Rxc7 Qxc7 23. Nb3 Ne4 24. Ne5 Ra8 25. Bd3 f6 26. Bxe4 fxe5 27. Bd3 Rf8 28. Nc5 e4 29. Bb5 Qd6 30. Qg4 Rf6 31. Bd7 e5 32. Be6+ Kh8 33. Bd7 exd4 34. exd4 e3 35. fxe3 Qf8 36. Kh2 Rf2 37. Ne6 Qd6+ 38. Nf4 Rxb2 39. Bb5 g6 40. Qc8+ Kg7 41. Qb7+ Kh6 42. Qxd5 Qxd5 43. Nxd5 Rc2 44. Bd3 Rd2 45. Be4 b3 46. Kg3 b2 47. Nc3 Kg5 48. Kf3 Kf6 49. Bb1 Ke7 50. Be4 Kd6 51. Bb1 Ke6 52. Be4 Kd6 53. Bb1 1/2-1/2

[Event "Usti nad Labem blitz op"]
[Site "Usti nad Labem"]
[Date "2023.05.07"]
[Round "1"]
[White "Licek, Prokop"]
[Black "Burdalev, Kirill"]
[Result "0-1"]
[WhiteElo "1574"]
[BlackElo "2236"]
[PlyCount "84"]
[EventDate "2023.05.07"]
[EventType "swiss (blitz)"]
[EventRounds "15"]
[EventCountry "CZE"]
[SourceTitle "CBM 214 Extra"]
[Source "ChessBase"]
[SourceDate "2023.07.31"]
[SourceVersion "1"]
[SourceVersionDate "2023.07.31"]
[SourceQuality "1"]

1. e4 e6 2. c4 e5 3. Nc3 Nc6 4. Nf3 Bc5 5. a3 d6 6. b4 Bb6 7. Bb2 f5 8. d3 Nf6 9. exf5 Bxf5 10. Be2 0-0 11. Nh4 Be6 12. 0-0 a5 13. b5 Nd4 14. Nf3 h6 15. Na4 Nxe2+ 16. Qxe2 Ba7 17. Rac1 Qd7 18. Nd2 Bg4 19. Qe1 Bf5 20. Ne4 Nh5 21. g3 Bh3 22. Qe2 Bxf1 23. Rxf1 Qh3 24. c5 Rad8 25. b6 Bb8 26. bxc7 Bxc7 27. cxd6 Bxd6 28. Nxd6 Rxd6 29. Bxe5 Re6 30. d4 Ree8 31. Qc4+ Kh8 32. Nc5 Rxe5 33. dxe5 Nf4 34. gxf4 Qg4+ 35. Kh1 Qf3+ 36. Kg1 Rxf4 37. Qxf4 Qxf4 38. Ne6 Qg4+ 39. Kh1 Qxe6 40. Rc1 Qxe5 41. Rc8+ Kh7 42. Rc2 Qe4+ 0-1

[Event "Usti nad Labem blitz op"]
[Site "Usti nad Labem"]
[Date "2023.05.07"]
[Round "11"]
[White "Zemlicka, Vit"]
[Black "Burdalev, Kirill"]
[Result "0-1"]
[WhiteElo "1886"]
[BlackElo "2236"]
[PlyCount "76"]
[EventDate "2023.05.07"]
[EventType "swiss (blitz)"]
[EventRounds "15"]
[EventCountry "CZE"]
[SourceTitle "CBM 214 Extra"]
[Source "ChessBase"]
[SourceDate "2023.07.31"]
[SourceVersion "1"]
[SourceVersionDate "2023.07.31"]
[SourceQuality "1"]

1. e4 e6 2. d4 d5 3. Nc3 Bb4 4. exd5 exd5 5. Bd3 Ne7 6. Nf3 Bf5 7. 0-0 0-0 8. a3 Bxc3 9. bxc3 Nbc6 10. a4 Bxd3 11. cxd3 Re8 12. Ba3 Ng6 13. Qd2 Qd7 14. Rfe1 Qf5 15. Rxe8+ Rxe8 16. Re1 Rxe1+ 17. Qxe1 h6 18. Qe3 Nf4 19. Ne1 Kh7 20. g3 Nh3+ 21. Kg2 Ng5 22. Nf3 Nxf3 23. Qxf3 Qxf3+ 24. Kxf3 Kg6 25. Bf8 h5 26. h3 Kf6 27. h4 g6 28. Bc5 b6 29. Ba3 Kf5 30. Bc1 Nd8 31. Bf4 Ne6 32. Be5 f6 33. Bf4 Nxf4 34. gxf4 g5 35. fxg5 fxg5 36. hxg5 Kxg5 37. Kg3 a5 38. f4+ Kf5 0-1

[Event "Usti nad Labem rapid op"]
[Site "Usti nad Labem"]
[Date "2023.05.06"]
[Round "5"]
[White "Hoke, Petr"]
[Black "Burdalev, Kirill"]
[Result "1/2-1/2"]
[WhiteElo "1930"]
[BlackElo "2331"]
[PlyCount "84"]
[EventDate "2023.05.06"]
[EventType "swiss (rapid)"]
[EventRounds "7"]
[EventCountry "CZE"]
[SourceTitle "CBM 214 Extra"]
[Source "ChessBase"]
[SourceDate "2023.07.31"]
[SourceVersion "1"]
[SourceVersionDate "2023.07.31"]
[SourceQuality "1"]

1. e4 e5 2. d3 Nc6 3. c3 Nf6 4. Nd2 a5 5. Be2 d5 6. Ngf3 Bc5 7. 0-0 0-0 8. b3 Re8 9. a3 d4 10. cxd4 Nxd4 11. Bb2 c6 12. Rc1 Bb6 13. Nc4 Nxf3+ 14. Bxf3 Bd4 15. Qc2 Ra6 16. Bc3 c5 17. a4 h6 18. Qd2 b6 19. Bxd4 Qxd4 20. Qc3 Qxc3 21. Rxc3 Bd7 22. Be2 Re7 23. Na3 Be6 24. g3 Nd7 25. Rb1 Ra8 26. Kg2 Rd8 27. h3 f6 28. Bg4 Nf8 29. Nc4 Rb7 30. Ne3 Bf7 31. h4 h5 32. Bh3 g6 33. f3 Rd4 34. Kf2 Rb8 35. Ke2 Kg7 36. Nc2 Rd6 37. Ne3 Ne6 38. Bxe6 Bxe6 39. Nc4 Rd4 40. f4 exf4 41. gxf4 Bf7 42. Ke3 Rb7 1/2-1/2

[Event "Titled Tuesday intern op 04th Apr Early"]
[Site "Chess.com INT"]
[Date "2023.04.04"]
[Round "10"]
[White "Burdalev, Kirill"]
[Black "Kornyukov, Alexey"]
[Result "1-0"]
[WhiteElo "2368"]
[BlackElo "2452"]
[PlyCount "133"]
[EventDate "2023.04.04"]
[EventType "swiss (blitz)"]
[EventRounds "11"]
[EventCountry "USA"]
[SourceTitle "EXT 2024"]
[Source "ChessBase"]
[SourceDate "2023.10.10"]
[SourceVersion "1"]
[SourceVersionDate "2023.10.10"]
[SourceQuality "1"]

1. d4 d5 2. c4 e6 3. g3 Nf6 4. Nf3 Be7 5. Bg2 0-0 6. 0-0 c5 7. dxc5 Bxc5 8. cxd5 exd5 9. a3 Nc6 10. b4 Bb6 11. Nc3 d4 12. Na4 Bf5 13. Bb2 Re8 14. Nxb6 Qxb6 15. Nxd4 Rad8 16. e3 Be4 17. f3 Bg6 18. Re1 Nd5 19. Qb3 Nxe3 20. Rxe3 Nxd4 21. Bxd4 Qxd4 22. Rae1 Rxe3 23. Qxe3 Qxe3+ 24. Rxe3 f6 25. f4 Rd1+ 26. Kf2 Rd2+ 27. Re2 Rd3 28. Bxb7 Rxa3 29. Re7 Ra2+ 30. Ke3 Ra3+ 31. Kd4 Rd3+ 32. Kc5 Rc3+ 33. Kd6 Bf7 34. Rc7 Rd3+ 35. Kc5 h5 36. Bc6 Rc3+ 37. Kd6 Rc4 38. b5 Rd4+ 39. Kc5 Rd2 40. Rxa7 Rxh2 41. Ra8+ Kh7 42. b6 Rc2+ 43. Kd6 Bg6 44. b7 Rd2+ 45. Kc7 Be4 46. Bxe4+ f5 47. b8Q fxe4 48. Qh8+ Kg6 49. Ra6+ Kf7 50. Qxh5+ Ke7 51. Qe5+ Kf8 52. Qe6 Rc2+ 53. Rc6 Rxc6+ 54. Kxc6 e3 55. Qxe3 Kf7 56. g4 Kf6 57. Qe5+ Kf7 58. g5 Kg6 59. f5+ Kf7 60. f6 Kg6 61. fxg7 Kh7 62. g8Q+ Kxg8 63. Qc7 Kh8 64. Kd6 Kg8 65. Ke6 Kf8 66. Kf6 Ke8 67. Qe7# 1-0

[Event "Titled Tuesday intern op 04th Apr Early"]
[Site "Chess.com INT"]
[Date "2023.04.04"]
[Round "8"]
[White "Burdalev, Kirill"]
[Black "Lach, Aleksandra"]
[Result "0-1"]
[WhiteElo "2368"]
[BlackElo "2184"]
[PlyCount "102"]
[EventDate "2023.04.04"]
[EventType "swiss (blitz)"]
[EventRounds "11"]
[EventCountry "USA"]
[SourceTitle "EXT 2024"]
[Source "ChessBase"]
[SourceDate "2023.10.10"]
[SourceVersion "1"]
[SourceVersionDate "2023.10.10"]
[SourceQuality "1"]

1. d4 f5 2. g3 g6 3. Bg2 Nf6 4. Nf3 Bg7 5. b3 0-0 6. Bb2 d5 7. 0-0 e6 8. Nbd2 Nbd7 9. c4 Ne4 10. Qc2 c6 11. Rac1 Qe7 12. e3 b6 13. Rfd1 Bb7 14. Ne5 g5 15. Nxd7 Qxd7 16. Nf3 g4 17. Ne5 Bxe5 18. dxe5 Qe7 19. cxd5 cxd5 20. Qc7 Rf7 21. Qxe7 Rxe7 22. Rc2 Kf7 23. Rdc1 Rd7 24. Rc7 Rad8 25. Bf1 Nc5 26. Rxd7+ Rxd7 27. b4 Ne4 28. Bb5 Re7 29. Bd4 a6 30. Bd3 b5 31. Kf1 Nd2+ 32. Ke2 Nc4 33. Bc5 Rc7 34. Ra1 Na3 35. Rc1 Bc8 36. Rc3 Nc4 37. Bd4 Bd7 38. Bc2 Rc8 39. Bd3 Ra8 40. Bxc4 dxc4 41. Ra3 Bc6 42. Kd2 Bb7 43. Kc3 h5 44. Ra5 Bc6 45. Ra3 Bb7 46. Ra5 h4 47. a4 hxg3 48. hxg3 Bc6 49. axb5 Bxb5 50. Ra1 Rh8 51. Rf1 Rh2 0-1

[Event "CZE-chT 2223"]
[Site "Czech Republic"]
[Date "2023.03.24"]
[Round "9.6"]
[White "Burdalev, Kirill"]
[Black "Simek, Petr1111"]
[Result "1/2-1/2"]
[WhiteElo "2357"]
[BlackElo "2323"]
[PlyCount "53"]
[EventDate "2022.10.15"]
[EventType "team-tourn"]
[EventRounds "11"]
[EventCountry "CZE"]
[SourceTitle "CBM 213 Extra"]
[Source "ChessBase"]
[SourceDate "2023.05.31"]
[SourceVersion "1"]
[SourceVersionDate "2023.05.31"]
[SourceQuality "1"]
[WhiteTeam "Praha Dopravni Podnik"]
[BlackTeam "Unichess"]
[WhiteTeamCountry "CZE"]
[BlackTeamCountry "CZE"]

1. d4 Nf6 2. c4 e6 3. Nf3 d5 4. Nc3 Bb4 5. cxd5 exd5 6. Bg5 h6 7. Bh4 0-0 8. e3 Bf5 9. Be2 Nbd7 10. Qb3 Qe7 11. 0-0 c6 12. a3 Bxc3 13. Qxc3 g5 14. Bg3 Ne4 15. Qb4 Qxb4 16. axb4 a6 17. Rfd1 Rae8 18. Nd2 Nxg3 19. hxg3 Nb6 20. Rdc1 Nc8 21. Nb3 Kg7 22. Nc5 Re7 23. Rc3 Rfe8 24. Kf1 Nd6 25. Raa3 Bg6 26. Ke1 Nf5 27. Nb3 1/2-1/2

[Event "CZE-chT 2223"]
[Site "Czech Republic"]
[Date "2023.02.19"]
[Round "8.1"]
[White "Cifka, Stanislav"]
[Black "Burdalev, Kirill"]
[Result "1/2-1/2"]
[WhiteElo "2391"]
[BlackElo "2357"]
[PlyCount "217"]
[EventDate "2022.10.15"]
[EventType "team-tourn"]
[EventRounds "11"]
[EventCountry "CZE"]
[SourceTitle "CBM 213 Extra"]
[Source "ChessBase"]
[SourceDate "2023.05.31"]
[SourceVersion "1"]
[SourceVersionDate "2023.05.31"]
[SourceQuality "1"]
[WhiteTeam "Oaza Loznice.cz"]
[BlackTeam "Praha Dopravni Podnik"]
[WhiteTeamCountry "CZE"]
[BlackTeamCountry "CZE"]

1. d4 d5 2. Nf3 Nf6 3. c4 c6 4. g3 Bf5 5. Nc3 e6 6. Nh4 dxc4 7. Nxf5 exf5 8. e3 Nbd7 9. Bxc4 Nb6 10. Be2 Be7 11. 0-0 Qd7 12. Qc2 0-0 13. Rd1 Nbd5 14. Bd2 Rfe8 15. Rac1 Bd6 16. Bf3 Rac8 17. Be1 g6 18. Qa4 Bb8 19. Nxd5 Nxd5 20. b4 Rcd8 21. Qb3 a6 22. a4 Ba7 23. Rc2 Nc7 24. Kg2 Qe7 25. Rdc1 Rd7 26. b5 axb5 27. Ba5 Bb8 28. Bxc7 Rxc7 29. axb5 cxb5 30. Qxb5 Rec8 31. Rxc7 Rxc7 32. Rb1 Kg7 33. Bxb7 Rc2 34. Qb3 Rc7 35. Bd5 Ba7 36. Qa2 Qd6 37. Rb5 h5 38. Qb3 Qe7 39. Ra5 h4 40. Ra6 hxg3 41. hxg3 Qd7 42. Bf3 Qe7 43. Qb2 Rd7 44. d5+ Kg8 45. Ra1 Rd6 46. Rh1 Qf6 47. Qb7 Bb6 48. Qc8+ Bd8 49. Rb1 Kg7 50. Rb7 Be7 51. Qe8 Bd8 52. Bd1 Ba5 53. Ba4 Rd8 54. Qb5 Bc3 55. d6 Qxd6 56. Bb3 Rf8 57. Bxf7 Rxf7 58. Rxf7+ Kxf7 59. Qc4+ Qe6 60. Qxc3 Qd5+ 61. Kf1 Qd1+ 62. Qe1 Qd5 63. Kg1 g5 64. Qc1 g4 65. Qc7+ Kg6 66. Qb6+ Kg5 67. Qd4 Qb7 68. Qd8+ Kg6 69. Qd3 Qc6 70. Kf1 Qc1+ 71. Ke2 Qb2+ 72. Qd2 Qb5+ 73. Qd3 Qb2+ 74. Kf1 Qc1+ 75. Kg2 Qc6+ 76. Kh2 Kf6 77. Qd2 Kg6 78. Kg1 Kf7 79. Kf1 Kg6 80. Qb2 Qa6+ 81. Ke1 Qa5+ 82. Ke2 Qa6+ 83. Kd2 Qa5+ 84. Qc3 Qa2+ 85. Qc2 Qa5+ 86. Ke2 Qa6+ 87. Qd3 Qa2+ 88. Kf1 Qa1+ 89. Kg2 Qa8+ 90. Kg1 Qa1+ 91. Qf1 Qa8 92. Qd1 Qc6 93. Qd2 Kf7 94. Qa2+ Kf6 95. Kh2 Kg6 96. Qb1 Kf6 97. Qh1 Qc2 98. Qa1+ Kg6 99. Qa6+ Kg5 100. Qf1 Qc6 101. Qg2 Qh6+ 102. Kg1 Qe6 103. Qb7 Kg6 104. Qa8 Kf6 105. Kg2 Qe4+ 106. Qxe4 fxe4 107. Kf1 Ke5 108. Ke2 Kd5 109. Kd2 1/2-1/2

[Event "Titled Tuesday intern op 14th Feb Early"]
[Site "Chess.com INT"]
[Date "2023.02.14"]
[Round "10"]
[White "Caspi, Israel"]
[Black "Burdalev, Kirill"]
[Result "1-0"]
[WhiteElo "2475"]
[BlackElo "2359"]
[PlyCount "71"]
[EventDate "2023.02.14"]
[EventType "swiss (blitz)"]
[EventRounds "11"]
[EventCountry "USA"]
[SourceTitle "CBM 212 Extra"]
[Source "ChessBase"]
[SourceDate "2023.03.31"]
[SourceVersion "1"]
[SourceVersionDate "2023.03.31"]
[SourceQuality "1"]

1. e4 c5 2. Nf3 d6 3. d4 cxd4 4. Nxd4 Nf6 5. f3 g6 6. c4 Bg7 7. Nc3 0-0 8. Be3 Nc6 9. Qd2 Bd7 10. Be2 Nxd4 11. Bxd4 a5 12. h4 h5 13. 0-0-0 a4 14. Kb1 Qa5 15. Rdg1 Rfc8 16. g4 Be6 17. gxh5 Nxh5 18. Rg5 Qb4 19. Rxh5 gxh5 20. Rg1 Bg4 21. Bxg7 Kxg7 22. fxg4 Qc5 23. Rg2 Kh7 24. Nd5 Rg8 25. e5 f5 26. exf6 exf6 27. Nxf6+ Kg7 28. Nxg8 Rxg8 29. gxh5+ Kf8 30. Rxg8+ Kxg8 31. Qg5+ Kf8 32. Qxc5 dxc5 33. Bd1 a3 34. bxa3 Kg7 35. Kc2 Kh6 36. Kb3 1-0

[Event "CZE-chT1W 2223"]
[Site "Czech Republic"]
[Date "2023.02.12"]
[Round "8.5"]
[White "Burdalev, Kirill"]
[Black "Klement, Lukas"]
[Result "1/2-1/2"]
[WhiteElo "2357"]
[BlackElo "2298"]
[PlyCount "74"]
[EventDate "2022.10.09"]
[EventType "team-tourn"]
[EventRounds "11"]
[EventCountry "CZE"]
[SourceTitle "CBM 213 Extra"]
[Source "ChessBase"]
[SourceDate "2023.05.31"]
[SourceVersion "1"]
[SourceVersionDate "2023.05.31"]
[SourceQuality "1"]
[WhiteTeam "Praha DP EA Hotels II"]
[BlackTeam "Litomerice Slavoj"]
[WhiteTeamCountry "CZE"]
[BlackTeamCountry "CZE"]

1. d4 Nf6 2. Nf3 e6 3. c4 b6 4. g3 Bb7 5. Bg2 Bb4+ 6. Bd2 Bxd2+ 7. Qxd2 d6 8. 0-0 0-0 9. Nc3 Ne4 10. Qc2 Nxc3 11. Qxc3 Nd7 12. Rfe1 Be4 13. Bh3 Qf6 14. Nd2 Bb7 15. e4 c5 16. d5 Qxc3 17. bxc3 Rfe8 18. f4 Rad8 19. a4 Ba6 20. Kf2 Kf8 21. a5 b5 22. cxb5 Bxb5 23. Reb1 Ba6 24. dxe6 fxe6 25. Bf1 Bxf1 26. Kxf1 Rb8 27. Nc4 d5 28. Nd6 Rxb1+ 29. Rxb1 Rb8 30. Rxb8+ Nxb8 31. Nb7 c4 32. Nc5 Ke7 33. e5 a6 34. Ke2 Nc6 35. Nxa6 Nxa5 36. Nc5 Nc6 37. Ke3 h5 1/2-1/2

[Event "Titled Tuesday intern op 31st Jan Early"]
[Site "Chess.com INT"]
[Date "2023.01.31"]
[Round "9"]
[White "Burdalev, Kirill"]
[Black "Fernandez, Gerardo"]
[Result "0-1"]
[WhiteElo "2370"]
[BlackElo "2169"]
[PlyCount "70"]
[EventDate "2023.01.31"]
[EventType "swiss (blitz)"]
[EventRounds "11"]
[EventCountry "USA"]
[SourceTitle "CBM 212 Extra"]
[Source "ChessBase"]
[SourceDate "2023.03.31"]
[SourceVersion "1"]
[SourceVersionDate "2023.03.31"]
[SourceQuality "1"]

1. e4 e6 2. d4 d5 3. e5 c5 4. c3 Nc6 5. Nf3 Qb6 6. a3 f6 7. Bd3 fxe5 8. Nxe5 Nf6 9. 0-0 cxd4 10. Nxc6 bxc6 11. cxd4 Bd6 12. Nc3 Qxd4 13. Bg6+ hxg6 14. Qxd4 Bxh2+ 15. Kh1 Be5+ 16. Kg1 Bxd4 17. Be3 Bxe3 18. fxe3 Ba6 19. Rfc1 0-0-0 20. Na4 Bc4 21. Nc5 e5 22. b3 Be2 23. Ra2 Bg4 24. Nd3 Kb7 25. Nxe5 Rc8 26. Nxg6 Rh6 27. Ne5 Be6 28. Rac2 Ng4 29. Nxc6 Rch8 30. Na5+ Kb8 31. Nc6+ Ka8 32. g3 Rh1+ 33. Kg2 Nxe3+ 34. Kf2 Nxc2 35. Rxc2 R1h2+ 0-1